Vegan or Not? - Sudden Death - Statistics

General Stats
  • This quiz has been taken 268 times
    111 since last reset
  • The average score is 5 of 15
Answers on the Grid
Answers color-coded by a green-red scale on the quiz's grid according to % correct below.
Honey
Quinoa
Haribo's Tangfastics
Worcestershire Sauce
Marshmallows
Coca-Cola
Mustard
Jelly
Coco Pops
Spaghetti Bolognese
Shepherd's Pie
Oreos
Seaweed
Chorizo
Grapefruit Juice
Marzipan
Houmous
Turkish Delight
Tempeh
Baba Ghanoush
Meringue
Hawaiian Pizza
Tater Tots
Gazpacho
Beef & Tomato Pot Noodle
Waldorf Salad
Candy Floss
Flapjack
Bouillabaisse
Lemon Sorbet
 
Answer Stats
Answer % Correct
Quinoa
58%
Seaweed
51%
Coca-Cola
46%
Grapefruit Juice
43%
Lemon Sorbet
42%
Tempeh
42%
Houmous
39%
Mustard
38%
Oreos
38%
Baba Ghanoush
28%
Candy Floss
23%
Gazpacho
19%
Coco Pops
6%
Turkish Delight
6%
Beef & Tomato Pot Noodle
1%
No matching quizzes found
Score Distribution
Percent of People with Each Score
Percentile by Number Answered
Your Score History
You have not taken this quiz since the last reset